Accounting For Management/ (Record no. 197751)
[ view plain ]
| 000 -LEADER | |
|---|---|
| fixed length control field | 00702nam a22002177a 4500 |
| 005 - DATE AND TIME OF LATEST TRANSACTION | |
| control field | 20230912144518.0 |
| 010 ## - LCCN (DPL NO) | |
| LC control number | ENG-137930 |
| 020 ## - INTERNATIONAL STANDARD BOOK NUMBER | |
| Terms of availability | 240.00 |
| 035 ## - SYSTEM CONTROL NUMBER | |
| System control number | EN-121462 |
| 037 ## - SOURCE OF ACQUISITION | |
| Source of stock number/acquisition | DBAD/PUB |
| 082 ## - DEWEY DECIMAL CLASSIFICATION NUMBER | |
| Classification number | 658.1511 |
| 100 ## - MAIN ENTRY--PERSONAL NAME | |
| Personal name | Manimaran,S |
| 245 ## - TITLE STATEMENT | |
| Title | Accounting For Management/ |
| Statement of responsibility, etc | By S.Manimaran and R. Bhagyalakshmi |
| 250 ## - EDITION STATEMENT | |
| Edition statement | First Edition |
| 260 ## - PUBLICATION, DISTRIBUTION, ETC. (IMPRINT) | |
| Place of publication, distribution, etc | Dindigul |
| Name of publisher, distributor, etc | Ayyanar Pathippagam |
| Date of publication, distribution, etc | 202? |
| 270 ## - ADDRESS | |
| Address | 41/20, Vivekanantha Nagar Extn. |
| City | Dindigul |
| Postal code | 624001 |
| 300 ## - PHYSICAL DESCRIPTION | |
| Extent | 260p. |
| Dimensions | 27cm(pbk) |
| Other physical details | |
| 500 ## - GENERAL NOTE | |
| General note | For First year MBA students, as per the latest syllabus of Anna University |
| 700 ## - ADDED ENTRY--PERSONAL NAME | |
| Personal name | Bhagyalakshmi, R |
| 9 (RLIN) | 55761 |
| 942 ## - ADDED ENTRY ELEMENTS (KOHA) | |
| Source of classification or shelving scheme | Dewey Decimal Classification |
| Item type | English Books |
| Classification part | 658.1511 |
| Call number suffix | MAN |
| Withdrawn status | Lost status | Not for loan | Collection code | Home library | Current library | Date acquired | Source of acquisition | Cost, normal purchase price | Full call number | Barcode | Copy number | Cost, replacement price | Koha item type |
|---|---|---|---|---|---|---|---|---|---|---|---|---|---|
| Non-fiction | Central Jail Tihar | Central Jail Tihar | 01/09/2023 | DBAD/PUB | 240.00 | 658.1511 MAN | EN-121462 | 1 | 240.00 | English Books |
